000 01341nam a22003617a 4500
003 CHAP
005 20220329135133.0
008 971013s1986 r 00010 d
010 _a31498
011 _a32470
035 _a36585
040 _cCHAP
090 _aTesis
100 0 0 _aMartínez Cruz, Víctor Manuel.
_971957
245 _aAplicación de la programación lineal en la determinación de precios de materias primas de la industria de alimentos balanceados
_b: el caso del sorgo
260 _aChapingo, Méx. :
_bEl autor,
_c1986
300 _a211 h.
_b; gráfs
502 _aTesis (M.C. Esp. en Economía Agrícola) -- CP. Centro de Economía
590 _aALEPH
_b10
_c20130110
_lUCH01
_h1253
590 _aBATCH-UPD
_b10
_c20130110
_lUCH01
_h0109
590 _aBATCH-UPD
_b10
_c20130110
_lUCH01
_h1244
590 _aBATCH-UPD
_b10
_c20130409
_lUCH01
_h2100
590 _aBATCH-UPD
_b10
_c20130410
_lUCH01
_h0809
590 _aBATCH-UPD
_b10
_c20130914
_lUCH01
_h1520
590 _aCONVERSION
_b10
_c20130109
_lUCH01
_h1318
650 1 4 _aAlimentos y alimentacion del ganado
_xPrecios.
_94344
650 1 4 _aGanado porcino
_xAlimentación.
_945329
650 1 4 _aSorgo como forraje.
_9108743
901 _aBK
942 _cFOLL
949 _bBC
_cTES
_d-84315
_eTS1
_h19007
_i36585
_si
949 _bBC
_cTES
_d-84316
_eTS2
_fc.2
_h19008
_i36585
_si
999 _c31498
_d31498